Определение результатов измерений и оценивание их погрешностей. Измерения косвенные; Рекомендация. МИ 2083-90

Bibliographische Detailangaben
Körperschaft: Комитет стандартизации и метрологии СССР
Sprache:Russisch
Veröffentlicht: Москва, Изд-во стандартов, 1991
Ausgabe:Изд. офиц.
Schriftenreihe:Государственная система обеспечения единства измерений
Schlagworte:
Format: MixedMaterials Buch
KOHA link:https://koha.lib.tpu.ru/cgi-bin/koha/opac-detail.pl?biblionumber=139660

MARC

LEADER 00000nam0a2200000 4500
001 139660
005 20231101220817.0
029 1 0 |a RU  |b 2083-90  |c МИ 
035 |a (RuTPU)RU\TPU\book\151292 
035 |a RU\TPU\book\151236 
090 |a 139660 
100 |a 20080609d1991 k a0rusy50 ca 
101 0 |a rus 
102 |a RU 
105 |a y l 000zy 
200 1 |a Определение результатов измерений и оценивание их погрешностей. Измерения косвенные  |a Рекомендация. МИ 2083-90  |f Комитет стандартизации и метрологии СССР 
205 |a Изд. офиц. 
210 |a Москва  |c Изд-во стандартов  |d 1991 
215 |a 10 с. 
225 1 |a Государственная система обеспечения единства измерений 
229 |a Утверждена НПО "ВНИИМ им. Д. И. Менделеева" 20.12.89 
610 1 |a МИ 
610 1 |a методика 
610 1 |a поверки 
610 1 |a единство измерений 
610 1 |a косвенные измерения 
610 1 |a результаты измерений 
610 1 |a определение 
610 1 |a оценивание 
610 1 |a погрешности измерения 
675 |a 531(083)  |v 3 
712 0 2 |a Комитет стандартизации и метрологии СССР  |2 stltpush  |3 (RuTPU)RU\TPU\col\13362  |9 25628 
801 1 |a RU  |b 63413507  |c 20080530  |g PSBO 
801 2 |a RU  |b 63413507  |c 20221207  |g PSBO 
942 |c BK